000
00293nam a22001097a 4500
082
_a
629.24 PAG'B
100
_a
PAGE, SYDNEY F
_9
58710
245
_a
BODY ENGINEERING DESIGN AND CONSTRUCTION OF MOTOR VEHICLE BODY WORK
260
_a
LONDON
_b
CHAPMAN & HALL
_c
1950
300
_a
188P
942
_c
BK
999
_c
568843
_d
568843